000 00519nam a22001937a 4500
003 OSt
005 20140310181911.0
008 130712t xxu||||| |||| 00| 0 eng d
020 _a9789710021048
050 _aBS 2615.2
_b.L885 2000
082 _aTR 232.21
_bL91 2000
245 _aJust give me Jesus /
_cAnn Graham Lotz
260 _aMakati City, Manila :
_bChurch Strengthening Ministry,
_cc2001.
300 _a355 p.
_c21 cm.
521 _aFaculty
541 _j1
562 _e1
942 _2lcc
_cBK-TR
_kTR
999 _c6521
_d6521